All of the words to "Last Christmas" - Statistics

General Stats
  • This quiz has been taken 180 times
  • The average score is 289 of 343
Answer Stats
Lyrics % Correct
Last
100%
Christmas,
99%
Christmas)
99%
gave
99%
heart,
99%
heart
99%
heart.
99%
I
99%
"I
99%
my
99%
My
99%
you
99%
you",
99%
a
98%
A
98%
away.
98%
day,
98%
it
98%
it,
98%
it.
98%
me
98%
me?
98%
me.
98%
Me?
98%
next
98%
the
98%
This
98%
very
98%
year,
98%
someone
97%
someone,
97%
special.
97%
special...
97%
but
96%
give
96%
to
96%
I'll
95%
save
95%
from
94%
tears,
94%
love
83%
and
80%
on.
74%
on
74%
do
72%
been
68%
been,
68%
it's
64%
know
64%
baby,
62%
recognise
62%
Now
61%
now,
61%
Tell
60%
again.
59%
fool
59%
what
59%
eye.
58%
I've
58%
with
58%
surprise
57%
Well,
56%
doesn't
55%
if
55%
Once
55%
catch
54%
meant
54%
wrapped
54%
in
53%
twice
53%
(Merry
52%
still
51%
up
51%
distance
50%
keep
50%
lover
50%
shy,
50%
you'd
50%
saying
49%
sent
48%
undercover
48%
fire
47%
note
47%
bitten
46%
man
46%
apart.
45%
face
45%
tore
45%
real
44%
was
43%
his
42%
kissed
40%
were
40%
your
40%
cry
39%
shoulder
38%
guess
36%
you'll
36%
rely
34%
of
32%
found
31%
thought
31%
never
30%
god,
26%
eyes.
25%
room,
24%
I'm
23%
friends
22%
tired
22%
ice.
21%
crowded
20%
him
18%
hiding
17%
Maybe
16%
No matching quizzes found
Score Distribution
Percent of People with Each Score
Percentile by Number Answered
Your Score History
You have not taken this quiz